000 00951nam a22002657a 4500
008 081212t xxu||||| |||| 00| 0beng d
010 _aENG-98467
020 _c450.00
_a9788174876072
020 _c450.00
_a8174876073
035 _aEN-82000
037 _bDBAD / PUB
040 _adpl
_bEnglish
082 _a306
100 _93724
_aMukerjee, Radhakamal
245 _aThe distiny of civilization /
_cby Radhakamal Mukerjee ; edited by G.R. Madan
260 _aNew Delhi
_bRadha Publications
_c2009
270 _a4231/1, Ansari Road, Daryaganj
_bNew Delhi
_e110002
300 _a233p.
_c22cm (Hb)
500 _aIncludes bibliographical referencs and index
600 _aBaba Visakha Singh
_xBiography.
_93725
650 _96086
_aCivilization
700 _96162
_aMadan, G.R.
942 _2ddc
_cEN
_mMUK
_h306
999 _c39658
_d39658